<?xml version="1.0" encoding="UTF-8"?><?xml-stylesheet type="text/xsl" href="static/style.xsl"?><OAI-PMH xmlns="http://www.openarchives.org/OAI/2.0/" xmlns:xsi="http://www.w3.org/2001/XMLSchema-instance" xsi:schemaLocation="http://www.openarchives.org/OAI/2.0/ http://www.openarchives.org/OAI/2.0/OAI-PMH.xsd"><responseDate>2026-05-16T23:02:04Z</responseDate><request verb="GetRecord" identifier="oai:repisalud.isciii.es:20.500.12105/19410" metadataPrefix="marc">https://repisalud.isciii.es/rest/oai/request</request><GetRecord><record><header><identifier>oai:repisalud.isciii.es:20.500.12105/19410</identifier><datestamp>2025-04-02T10:23:44Z</datestamp><setSpec>com_20.500.12105_19143</setSpec><setSpec>com_20.500.12105_6723</setSpec><setSpec>com_20.500.12105_2337</setSpec><setSpec>com_20.500.12105_2336</setSpec><setSpec>col_20.500.12105_19145</setSpec></header><metadata><record xmlns="http://www.loc.gov/MARC21/slim" xmlns:dcterms="http://purl.org/dc/terms/" xmlns:doc="http://www.lyncode.com/xoai" xmlns:xsi="http://www.w3.org/2001/XMLSchema-instance" xsi:schemaLocation="http://www.loc.gov/MARC21/slim http://www.loc.gov/standards/marcxml/schema/MARC21slim.xsd">
   <leader>00925njm 22002777a 4500</leader>
   <datafield ind2=" " ind1=" " tag="042">
      <subfield code="a">dc</subfield>
   </datafield>
   <datafield ind2=" " ind1=" " tag="720">
      <subfield code="a">Instituto de Salud Carlos III. Centro Nacional de Epidemiología</subfield>
      <subfield code="e">author</subfield>
   </datafield>
   <datafield ind2=" " ind1=" " tag="260">
      <subfield code="c">2024-04-03</subfield>
   </datafield>
   <datafield ind2=" " ind1=" " tag="520">
      <subfield code="a">El Departamento de Enfermedades Trasmisibles estudia enfermedades como las de transmisión sexual, las zoonosis, las de origen alimentario, e infecciones como la gripe, el sarampión y las hepatitis, entre otras. Este Departamento, que se subdivide en diversas unidades de investigación y gestiona de la Red Nacional de Vigilancia Epidemiológica (RENAVE), que analiza datos en colaboración con todas las comunidades autónomas para detectar cambios de tendencias en las enfermedades transmisibles para activar posibles mecanismos de prevención y control. Además, el Departamento de Enfermedades Transmisibles genera información de calidad para la toma de decisiones en Salud Pública. También colabora y da apoyo científico a otras instituciones y organismos, nacionales e internacionales, y evalúa riesgos para facilitar actuaciones coordinadas en España ante situaciones de alerta o emergencia sanitaria.</subfield>
   </datafield>
   <datafield ind1="8" ind2=" " tag="024">
      <subfield code="a">III Jornada del Centro Nacional de Epidemiología: Conoce el CNE (3 abril de 2024)</subfield>
   </datafield>
   <datafield ind1="8" ind2=" " tag="024">
      <subfield code="a">http://hdl.handle.net/20.500.12105/19410</subfield>
   </datafield>
   <datafield tag="653" ind2=" " ind1=" ">
      <subfield code="a">Enfermedades de declaración obligatoria</subfield>
   </datafield>
   <datafield tag="653" ind2=" " ind1=" ">
      <subfield code="a">Sistema para la Vigilancia en España (SIVIES)</subfield>
   </datafield>
   <datafield tag="653" ind2=" " ind1=" ">
      <subfield code="a">Infección respiratoria aguda</subfield>
   </datafield>
   <datafield tag="653" ind2=" " ind1=" ">
      <subfield code="a">Sistema de monitorización mortalidad diaria por todas las causas (MoMo)</subfield>
   </datafield>
   <datafield tag="653" ind2=" " ind1=" ">
      <subfield code="a">Enfermedades prevenibles por vacunación</subfield>
   </datafield>
   <datafield tag="653" ind2=" " ind1=" ">
      <subfield code="a">Enfermedades de transmisión alimentaria</subfield>
   </datafield>
   <datafield tag="653" ind2=" " ind1=" ">
      <subfield code="a">Resistencia antimicrobianos</subfield>
   </datafield>
   <datafield tag="653" ind2=" " ind1=" ">
      <subfield code="a">Infección por VIH</subfield>
   </datafield>
   <datafield tag="653" ind2=" " ind1=" ">
      <subfield code="a">Centro Nacional de Epidemiología</subfield>
   </datafield>
   <datafield tag="653" ind2=" " ind1=" ">
      <subfield code="a">Vigilancia epidemiológica</subfield>
   </datafield>
   <datafield tag="653" ind2=" " ind1=" ">
      <subfield code="a">Salud Pública</subfield>
   </datafield>
   <datafield tag="653" ind2=" " ind1=" ">
      <subfield code="a">Vigilancia en salud pública</subfield>
   </datafield>
   <datafield tag="653" ind2=" " ind1=" ">
      <subfield code="a">Epidemiología</subfield>
   </datafield>
   <datafield tag="653" ind2=" " ind1=" ">
      <subfield code="a">Enfermedades Transmisibles</subfield>
   </datafield>
   <datafield tag="653" ind2=" " ind1=" ">
      <subfield code="a">Boletín Epidemiológico Semanal</subfield>
   </datafield>
   <datafield ind2="0" ind1="0" tag="245">
      <subfield code="a">III Jornadas CNE - Departamento de Enfermedades Transmisibles</subfield>
   </datafield>
</record></metadata></record></GetRecord></OAI-PMH>